000 00507nam a2200169Ia 4500
005 20250728154343.0
008 250728s9999 xx 000 0 und d
020 _a9780745327815
082 _a951.056
_bGAO
100 _aGao, Mobo
245 4 _aThe Battle for China's Past
260 _bPluto Press (UK)
_c2008
300 _a292 pages
500 _aA controversial polemic countering modern revisionist narratives demonising the Mao regime.
650 _aBiography & Autobiography
942 _cENGLISH
999 _c577767
_d577767